000 00458nam a2200193Ia 4500
003 OSt
005 20251125153256.0
008 250729s1908 xx 000 0 und d
020 _a978-1024244755
040 _cAL
041 _aeng
082 _a900 MORR
100 _aMorgan P B
_9224852
245 _aReadings in english history from original sources
260 _aLondon
_c1908
300 _a222p
650 _aHistory
_9224853
942 _2ddc
_cBED
999 _c236621
_d236621